[Event "Ramos Mejia Memorial"]
[Site "Buenos Aires"]
[Date "2009.03.15"]
[Round "3"]
[White "Chtcherbine, Andrei"]
[Black "Ginzburg, Maximiliano"]
[Result "0-1"]
[WhiteElo "2171"]
[BlackElo "2455"]
[PlyCount "40"]
[EventDate "2009.03.14"]
[EventType "tourn"]
[EventRounds "11"]
[EventCountry "ARG"]
[EventCategory "2"]
[SourceTitle "CBM 129 Extra"]
[Source "ChessBase"]
[SourceDate "2009.05.05"]
[SourceVersion "2"]
[SourceVersionDate "2009.05.20"]
[SourceQuality "1"]

1. Nf3 d5 2. c4 dxc4 3. e3 c5 4. Bxc4 Nc6 5. Qb3 e6 6. 0-0 a6 7. a4 Nf6 8. d4 cxd4 9. Rd1 Na5 10. Qa2 Nxc4 11. Qxc4 Bd7 12. Qxd4 Qc7 13. b3 Bc5 14. Qc4 Rc8 15. Bb2 b5 16. axb5 Bxb5 17. Qc2 Qb7 18. Bxf6 gxf6 19. Qb2 Rg8 20. Nh4 Qe4 0-1

[Event "Villa Ballester op 56th"]
[Site "Villa Ballester"]
[Date "2006.01.13"]
[Round "7"]
[White "Chtcherbine, Andrei"]
[Black "Goiriz, Yahari Damian"]
[Result "1-0"]
[WhiteElo "2269"]
[BlackElo "2037"]
[PlyCount "71"]
[EventDate "2006.01.03"]
[EventType "swiss"]
[EventRounds "9"]
[EventCountry "ARG"]
[SourceTitle "CBM 110 Extra"]
[Source "ChessBase"]
[SourceDate "2006.03.10"]
[SourceVersion "2"]
[SourceVersionDate "2006.03.10"]
[SourceQuality "1"]

1. Nf3 c5 2. b3 d5 3. Bb2 f6 4. e3 e5 5. d4 cxd4 6. exd4 e4 7. Nfd2 f5 8. c4 Nf6 9. Nc3 Be6 10. cxd5 Nxd5 11. Bb5+ Nc6 12. 0-0 Bd6 13. Nxd5 Bxd5 14. Qh5+ g6 15. Qh6 Qc7 16. Nc4 Bf4 17. Qh3 0-0 18. Ne3 Bxe3 19. fxe3 a6 20. Bc4 Qd7 21. Rac1 b5 22. Bxd5+ Qxd5 23. Rc5 Qd7 24. Rfc1 Rac8 25. Qh6 Nb4 26. Rxc8 Rxc8 27. Rxc8+ Qxc8 28. d5 Qf8 29. Qf4 Qc5 30. d6 Qd5 31. Bd4 Nc6 32. Bf6 Kf7 33. Bg5 Ke6 34. Qh4 h5 35. Bf4 Ne5 36. Qe7# 1-0

[Event "Villa Ballester CAVB-ch"]
[Site "Villa Ballester"]
[Date "2005.03.12"]
[Round "3"]
[White "Chtcherbine, Andrei"]
[Black "Sosiuk, Ezequiel"]
[Result "1-0"]
[WhiteElo "2225"]
[BlackElo "2106"]
[PlyCount "75"]
[EventDate "2005.03.10"]
[EventType "tourn"]
[EventRounds "8"]
[EventCountry "ARG"]
[SourceTitle "CBM 105 Extra"]
[Source "ChessBase"]
[SourceDate "2005.05.01"]
[SourceVersion "1"]
[SourceVersionDate "2005.05.01"]
[SourceQuality "1"]

1. e4 c5 2. Nf3 d6 3. g3 Nc6 4. Bg2 Nf6 5. Qe2 g6 6. 0-0 Bg7 7. c3 Bg4 8. h3 Bxf3 9. Bxf3 0-0 10. d3 e6 11. Be3 Qe7 12. d4 cxd4 13. cxd4 d5 14. e5 Nd7 15. Nd2 Nb6 16. Rfc1 Rac8 17. b3 Qa3 18. Nf1 a5 19. Rc2 a4 20. Rb1 Qb4 21. Qd1 a3 22. Rbc1 f6 23. Bg4 Rce8 24. f4 fxe5 25. fxe5 h5 26. Be2 Qe7 27. Bb5 Rf7 28. Bxc6 bxc6 29. Rxc6 Nd7 30. Rc8 Rxc8 31. Rxc8+ Kh7 32. Nh2 Bh6 33. Bxh6 Kxh6 34. Nf3 Rf5 35. h4 Qf7 36. Kg2 Qe7 37. Ng5 Nf8 38. Qc1 1-0

[Event "Villa Ballester LV op"]
[Site "Villa Ballester"]
[Date "2005.01.15"]
[Round "8"]
[White "Della Morte, German"]
[Black "Chtcherbine, Andrei"]
[Result "1/2-1/2"]
[WhiteElo "2167"]
[BlackElo "2225"]
[PlyCount "38"]
[EventDate "2005.01.05"]
[EventType "swiss"]
[EventRounds "9"]
[EventCountry "ARG"]
[SourceTitle "CBM 104 Extra"]
[Source "ChessBase"]
[SourceDate "2005.03.01"]
[SourceVersion "1"]
[SourceVersionDate "2005.03.01"]
[SourceQuality "1"]

1. e4 c5 2. Nf3 Nc6 3. d4 cxd4 4. Nxd4 g6 5. c4 Nf6 6. Nc3 Nxd4 7. Qxd4 Bg7 8. e5 Ng8 9. c5 Nh6 10. Bd3 0-0 11. Qh4 Nf5 12. Bxf5 gxf5 13. Bh6 Bxh6 14. Qxh6 Kh8 15. Nd5 Rg8 16. 0-0 b6 17. cxb6 Bb7 18. Rfd1 axb6 19. f3 Ra5 1/2-1/2

[Event "Villa Ballester LV op"]
[Site "Villa Ballester"]
[Date "2005.01.14"]
[Round "7"]
[White "Chtcherbine, Andrei"]
[Black "Airando, Martin"]
[Result "1-0"]
[WhiteElo "2225"]
[BlackElo "2320"]
[PlyCount "55"]
[EventDate "2005.01.05"]
[EventType "swiss"]
[EventRounds "9"]
[EventCountry "ARG"]
[SourceTitle "CBM 104 Extra"]
[Source "ChessBase"]
[SourceDate "2005.03.01"]
[SourceVersion "1"]
[SourceVersionDate "2005.03.01"]
[SourceQuality "1"]

1. Nf3 d5 2. d3 Nf6 3. Nbd2 e6 4. g3 Be7 5. Bg2 0-0 6. 0-0 c5 7. e4 Nc6 8. Re1 b5 9. e5 Nd7 10. Nf1 a5 11. h4 Ba6 12. c3 b4 13. Bf4 Rc8 14. N1h2 a4 15. a3 bxc3 16. bxc3 Na5 17. Bh3 Nb3 18. Ra2 Qa5 19. Rc2 Nb6 20. Bf1 c4 21. d4 Bxa3 22. Ng5 Be7 23. Qh5 h6 24. Ng4 hxg5 25. hxg5 Rfe8 26. f3 g6 27. Qh4 Bf8 28. Nf6+ 1-0

[Event "Villa Martelli Pro Am op 11th"]
[Site "Villa Martelli"]
[Date "2004.11.12"]
[Round "7"]
[White "Chtcherbine, Andrei"]
[Black "Fernandez Arrue, Ruben"]
[Result "1-0"]
[WhiteElo "2232"]
[BlackElo "2097"]
[PlyCount "67"]
[EventDate "2004.11.04"]
[EventType "swiss"]
[EventRounds "9"]
[EventCountry "ARG"]
[SourceTitle "CBM 103 Extra"]
[Source "ChessBase"]
[SourceDate "2005.01.01"]
[SourceVersion "1"]
[SourceVersionDate "2005.01.01"]
[SourceQuality "1"]

1. e4 c6 2. d4 g6 3. Bd3 Bg7 4. Ne2 d5 5. e5 e6 6. Nd2 Ne7 7. Nf3 h6 8. g4 b6 9. c3 Ba6 10. Nf4 Bxd3 11. Qxd3 Nd7 12. a4 c5 13. Bd2 Qc7 14. h4 Qb7 15. b4 cxb4 16. cxb4 a6 17. Ke2 0-0-0 18. b5 a5 19. Qa3 Rhe8 20. Rac1+ Kb8 21. Qd6+ Ka8 22. Rc7 Qb8 23. Rxd7 Qxd6 24. Rxd6 Rxd6 25. exd6 Ng8 26. Ne5 Bxe5 27. dxe5 Kb7 28. g5 Rc8 29. Rc1 hxg5 30. hxg5 Rxc1 31. Bxc1 Kc8 32. Kd3 Kb7 33. Ne2 Kc8 34. Nd4 1-0

[Event "Villa Martelli Pro Am op 11th"]
[Site "Villa Martelli"]
[Date "2004.11.11"]
[Round "6"]
[White "Della Morte, German"]
[Black "Chtcherbine, Andrei"]
[Result "1-0"]
[WhiteElo "2100"]
[BlackElo "2232"]
[PlyCount "91"]
[EventDate "2004.11.04"]
[EventType "swiss"]
[EventRounds "9"]
[EventCountry "ARG"]
[SourceTitle "CBM 103 Extra"]
[Source "ChessBase"]
[SourceDate "2005.01.01"]
[SourceVersion "1"]
[SourceVersionDate "2005.01.01"]
[SourceQuality "1"]

1. e4 Nf6 2. e5 Nd5 3. d4 d6 4. Nf3 g6 5. Bc4 c6 6. 0-0 Bg7 7. Re1 0-0 8. a4 dxe5 9. Nxe5 Bf5 10. g4 Be6 11. Nc3 Nxc3 12. bxc3 Bxc4 13. Nxc4 Nd7 14. Ba3 Re8 15. Rb1 Nb6 16. Na5 Rb8 17. Qf3 Qc7 18. Qg3 Qxg3+ 19. hxg3 Nxa4 20. Re3 Nb6 21. Rxe7 Rxe7 22. Bxe7 Nd5 23. Nxc6 Ra8 24. Rxb7 Nxc3 25. Bc5 a5 26. Ne7+ Kh8 27. d5 Ne4 28. Ba3 Be5 29. Nc6 Bd6 30. f3 Bxa3 31. fxe4 Bc5+ 32. Kg2 a4 33. Rb2 a3 34. Ra2 Kg8 35. Ne5 f6 36. Nd3 Bd6 37. c4 Rb8 38. Kf3 Rb3 39. Ke2 Bb4 40. Nxb4 Rxb4 41. Kd3 Rb3+ 42. Kd4 Kf7 43. Kc5 Ke7 44. Kc6 Kd8 45. d6 h6 46. g5 1-0

[Event "Buenos Aires-chT Intercoop 30th"]
[Site "Buenos Aires"]
[Date "2004.09.04"]
[Round "3"]
[White "Chtcherbine, Andrei"]
[Black "Bulcourf, Carlos"]
[Result "1-0"]
[WhiteElo "2210"]
[BlackElo "2274"]
[PlyCount "87"]
[EventDate "2004.08.21"]
[EventType "team-tourn"]
[EventRounds "7"]
[EventCountry "ARG"]
[SourceTitle "CBM 102 Extra"]
[Source "ChessBase"]
[SourceDate "2004.11.03"]
[SourceVersion "1"]
[SourceVersionDate "2004.11.03"]
[SourceQuality "1"]

1. Nf3 b5 2. e4 Bb7 3. d3 e6 4. g3 Nf6 5. Nbd2 Be7 6. Bg2 c5 7. 0-0 0-0 8. Re1 d6 9. a4 a6 10. b3 Nc6 11. Bb2 Nb4 12. Qb1 d5 13. e5 Nd7 14. c3 Nc6 15. h4 b4 16. c4 Na5 17. Qd1 h6 18. Nh2 Qb6 19. Qg4 Rae8 20. cxd5 exd5 21. e6 Nf6 22. Bxf6 Bxf6 23. exf7+ Kxf7 24. Qd7+ Re7 25. Bxd5+ Bxd5 26. Qxd5+ Ke8 27. Rac1 Qc6 28. Qh5+ Rff7 29. Rxe7+ Bxe7 30. Ng4 Qe6 31. Ne5 g6 32. Nxg6 Qf5 33. Qxf5 Rxf5 34. Re1 Rf7 35. Nc4 Nb7 36. h5 Kd8 37. Nce5 Rh7 38. Nc6+ Kd7 39. Ncxe7 Rf7 40. Nd5 Kd6 41. Ne3 Nd8 42. Nc4+ Kd5 43. Re4 Rf6 44. Ne7# 1-0

[Event "Buenos Aires-chT Intercoop 30th"]
[Site "Buenos Aires"]
[Date "2004.08.28"]
[Round "2"]
[White "Chtcherbine, Andrei"]
[Black "Airando, Martin"]
[Result "1/2-1/2"]
[WhiteElo "2210"]
[BlackElo "2290"]
[PlyCount "49"]
[EventDate "2004.08.21"]
[EventType "team-tourn"]
[EventRounds "7"]
[EventCountry "ARG"]
[SourceTitle "CBM 102 Extra"]
[Source "ChessBase"]
[SourceDate "2004.11.03"]
[SourceVersion "1"]
[SourceVersionDate "2004.11.03"]
[SourceQuality "1"]

1. Nf3 d5 2. c4 c6 3. b3 Bg4 4. Bb2 Nd7 5. d3 Ngf6 6. Nbd2 e6 7. g3 Bd6 8. cxd5 cxd5 9. Bg2 0-0 10. 0-0 Qe7 11. h3 Bxf3 12. Nxf3 Rfc8 13. a3 h6 14. Ra2 Rc7 15. Qa1 Rac8 16. Nd4 a6 17. e4 dxe4 18. dxe4 Nc5 19. e5 Bxe5 20. Nf5 exf5 21. Bxe5 Nxb3 22. Qb2 Nc1 23. Bxc7 Nxa2 24. Be5 Nc1 25. Qxb7 1/2-1/2

[Event "Ricardo Bosco Memorial"]
[Site "Buenos Aires"]
[Date "2004.08.27"]
[Round "8"]
[White "Pedro, Fernando Pablo"]
[Black "Chtcherbine, Andrei"]
[Result "0-1"]
[WhiteElo "2252"]
[BlackElo "2202"]
[PlyCount "88"]
[EventDate "2004.08.19"]
[EventType "tourn"]
[EventRounds "9"]
[EventCountry "ARG"]
[SourceTitle "EXT 2005"]
[Source "ChessBase"]
[SourceDate "2004.11.15"]
[SourceVersion "1"]
[SourceVersionDate "2004.11.15"]
[SourceQuality "1"]

1. e4 c5 2. Nf3 Nc6 3. d4 cxd4 4. Nxd4 g6 5. Nc3 Bg7 6. Be3 Nf6 7. Bc4 d6 8. f3 Qb6 9. Nf5 Qxb2 10. Nxg7+ Kf8 11. Bd2 Qb4 12. Bb3 Kxg7 13. Nd5 Qc5 14. Be3 Qb5 15. Qd2 Nxd5 16. Bh6+ Kg8 17. Bxd5 Be6 18. Kf2 Bxd5 19. exd5 Ne5 20. Rhe1 Rc8 21. Rab1 Qc5+ 22. Kf1 b6 23. h3 f6 24. Re4 Qxc2 25. Qxc2 Rxc2 26. f4 Rxa2 27. fxe5 dxe5 28. Rc4 Kf7 29. Rc7 Rd8 30. Rd1 Rd6 31. h4 Ra5 32. Be3 Ke8 33. Rc8+ Kd7 34. Rdc1 Rdxd5 35. R1c7+ Ke6 36. Rb7 Ra2 37. Kg1 Rd3 38. Bxb6 axb6 39. Rxb6+ Kf5 40. h5 Rg3 41. hxg6 Rgxg2+ 42. Kh1 hxg6 43. Rc1 Rh2+ 44. Kg1 Rag2+ 0-1

[Event "Villa Ballester de Invierno op 4th"]
[Site "Villa Ballester"]
[Date "2004.08.15"]
[Round "2"]
[White "Vives, Gabriel Alejandro"]
[Black "Chtcherbine, Andrei"]
[Result "1/2-1/2"]
[WhiteElo "2047"]
[BlackElo "2202"]
[PlyCount "47"]
[EventDate "2004.08.13"]
[EventType "swiss"]
[EventRounds "7"]
[EventCountry "ARG"]
[SourceTitle "CBM 101 Extra"]
[Source "ChessBase"]
[SourceDate "2004.09.01"]
[SourceVersion "2"]
[SourceVersionDate "2004.09.01"]
[SourceQuality "1"]

1. e4 e5 2. Nf3 Nc6 3. d4 exd4 4. Nxd4 Nxd4 5. Qxd4 Qf6 6. Be3 Qxd4 7. Bxd4 Ne7 8. Bc4 Nc6 9. Bc3 Bb4 10. 0-0 0-0 11. a3 Be7 12. Nd2 d6 13. Nf3 Bg4 14. Nd4 Bd7 15. Rfe1 Rfe8 16. Rad1 Bf6 17. Nb5 Bxc3 18. Nxc3 Ne5 19. Bd5 Bc6 20. Rd4 Rac8 21. Kf1 Ng6 22. Bxc6 bxc6 23. Ra4 Ra8 24. Ra6 1/2-1/2

[Event "Vicente Lopez IRT op"]
[Site "Vicente Lopez"]
[Date "2004.07.15"]
[Round "7"]
[White "Della Morte, German"]
[Black "Chtcherbine, Andrei"]
[Result "0-1"]
[WhiteElo "2101"]
[BlackElo "2202"]
[PlyCount "74"]
[EventDate "2004.07.09"]
[EventType "swiss"]
[EventRounds "10"]
[EventCountry "ARG"]
[SourceTitle "EXT 2005"]
[Source "ChessBase"]
[SourceDate "2004.11.15"]
[SourceVersion "1"]
[SourceVersionDate "2004.11.15"]
[SourceQuality "1"]

1. e4 c5 2. Nf3 Nc6 3. d4 cxd4 4. Nxd4 g6 5. c4 Bg7 6. Be3 Nf6 7. Nc3 d6 8. Be2 Bd7 9. f4 0-0 10. 0-0 Rc8 11. Rc1 a6 12. Qd2 Nxd4 13. Bxd4 Bc6 14. Bf3 Ne8 15. b4 b5 16. cxb5 axb5 17. a4 bxa4 18. b5 Bd7 19. Be2 Qa5 20. Rc2 Bxd4+ 21. Qxd4 Ng7 22. Ra1 Ne6 23. Qe3 Nxf4 24. Bd1 a3 25. g3 Ne6 26. b6 Bc6 27. Nb1 Nc5 28. Nxa3 Qxb6 29. Rb1 Qd8 30. e5 Ba8 31. Bg4 Rb8 32. Rd1 Rb3 33. Rc3 Rxc3 34. Qxc3 Qb6 35. Qd4 Qc6 36. Kf2 Qg2+ 37. Ke3 Qxh2 0-1